<?xml version="1.0" encoding="UTF-8"?>
<record
    xmlns:xsi="http://www.w3.org/2001/XMLSchema-instance"
    xsi:schemaLocation="http://www.loc.gov/MARC21/slim http://www.loc.gov/standards/marcxml/schema/MARC21slim.xsd"
    xmlns="http://www.loc.gov/MARC21/slim">

  <leader>00561nam a2200217Ia 4500</leader>
  <controlfield tag="008">230125s9999    xx            000 0 und d</controlfield>
  <datafield tag="020" ind1=" " ind2=" ">
    <subfield code="a">81-86314-20-2</subfield>
  </datafield>
  <datafield tag="041" ind1=" " ind2=" ">
    <subfield code="a">eng</subfield>
  </datafield>
  <datafield tag="082" ind1=" " ind2=" ">
    <subfield code="a">658.8</subfield>
    <subfield code="b">VAR</subfield>
  </datafield>
  <datafield tag="100" ind1=" " ind2=" ">
    <subfield code="a">Varkey V O</subfield>
    <subfield code="9">109984</subfield>
  </datafield>
  <datafield tag="245" ind1=" " ind2=" ">
    <subfield code="a">Handbook of marketing management</subfield>
  </datafield>
  <datafield tag="250" ind1=" " ind2=" ">
    <subfield code="a">3rd ed</subfield>
  </datafield>
  <datafield tag="260" ind1=" " ind2=" ">
    <subfield code="c">1997</subfield>
    <subfield code="b">Everest Publishing house</subfield>
    <subfield code="a">Pune</subfield>
  </datafield>
  <datafield tag="300" ind1=" " ind2=" ">
    <subfield code="a">192p</subfield>
  </datafield>
  <datafield tag="500" ind1=" " ind2=" ">
    <subfield code="a">Marketing handbook</subfield>
  </datafield>
  <datafield tag="500" ind1=" " ind2=" ">
    <subfield code="a">marketing management</subfield>
  </datafield>
  <datafield tag="650" ind1=" " ind2=" ">
    <subfield code="a">Marketing Management</subfield>
  </datafield>
  <datafield tag="700" ind1=" " ind2=" ">
    <subfield code="a">Varkey V O</subfield>
    <subfield code="9">109984</subfield>
  </datafield>
  <datafield tag="906" ind1=" " ind2=" ">
    <subfield code="b">14</subfield>
  </datafield>
  <datafield tag="999" ind1=" " ind2=" ">
    <subfield code="c">86659</subfield>
    <subfield code="d">86659</subfield>
  </datafield>
  <datafield tag="952" ind1=" " ind2=" ">
    <subfield code="0">1</subfield>
    <subfield code="1">0</subfield>
    <subfield code="4">0</subfield>
    <subfield code="7">0</subfield>
    <subfield code="a">HIMR</subfield>
    <subfield code="b">HIMR</subfield>
    <subfield code="d">1997-06-12</subfield>
    <subfield code="e">Varma Book Distributor</subfield>
    <subfield code="g">95.00</subfield>
    <subfield code="i">113</subfield>
    <subfield code="o">658.8 VAR B00282</subfield>
    <subfield code="p">HIMR-BK-282</subfield>
    <subfield code="r">2023-01-25 00:00:00</subfield>
    <subfield code="v">81.00</subfield>
    <subfield code="w">1997-06-12</subfield>
    <subfield code="y">BK</subfield>
    <subfield code="z">B00282</subfield>
  </datafield>
  <datafield tag="952" ind1=" " ind2=" ">
    <subfield code="0">1</subfield>
    <subfield code="1">0</subfield>
    <subfield code="4">0</subfield>
    <subfield code="7">0</subfield>
    <subfield code="a">HIMR</subfield>
    <subfield code="b">HIMR</subfield>
    <subfield code="d">1998-04-01</subfield>
    <subfield code="e">Everest publisher</subfield>
    <subfield code="g">100.00</subfield>
    <subfield code="i">2737/28.03.98</subfield>
    <subfield code="o">658.8 VAR B00973</subfield>
    <subfield code="p">HIMR-BK-973</subfield>
    <subfield code="r">2023-01-25 00:00:00</subfield>
    <subfield code="v">85.00</subfield>
    <subfield code="w">1998-04-01</subfield>
    <subfield code="y">BK</subfield>
    <subfield code="z">B00973</subfield>
  </datafield>
  <datafield tag="952" ind1=" " ind2=" ">
    <subfield code="0">2</subfield>
    <subfield code="1">0</subfield>
    <subfield code="4">0</subfield>
    <subfield code="7">0</subfield>
    <subfield code="a">HIMR</subfield>
    <subfield code="b">HIMR</subfield>
    <subfield code="d">1998-10-02</subfield>
    <subfield code="e">Pradeep Book Depot</subfield>
    <subfield code="g">75.00</subfield>
    <subfield code="i">4301/24.09.98</subfield>
    <subfield code="o">658.8 VAR B01260</subfield>
    <subfield code="p">HIMR-BK-1260</subfield>
    <subfield code="r">2023-01-25 00:00:00</subfield>
    <subfield code="v">64.00</subfield>
    <subfield code="w">1998-10-02</subfield>
    <subfield code="y">BK</subfield>
    <subfield code="z">B01260</subfield>
  </datafield>
</record>
